Statistiques concernant Sports par lettre - F-J

Cliquez ici pour prendre le quiz!

Statistiques générales

  • Ce quiz a été pris 205 fois
  • Le résultat moyen est 5 sur 10

Statistiques - réponses

Première lettreRéponse% Correct
FFootball
97%
HHandball
65%
JJudo
65%
HHockey sur glace
56%
HHockey sur gazon
52%
GGolf
50%
HHaltérophilie
34%
GGymnastique
31%
FFootball américain
22%
HHorse-ball
6%

Distribution des résultats

Percentile par nombre de réponses

% des personnes avec chaque résultat

Votre développement - résultats

Vous n’avez pas pris ce quiz